Johnny got his gun Ο Τζόνι πήρε τ'όπλο του
Την τελευταία μέρα του Πρώτου Παγκοσμίου Πολέμου, ο Τζο Μπόναμ τραυματίζεται πολύ σοβαρά από μια νάρκη. Έχοντας χάσει τα άκρα, την ακοή και την όρασή του, ο νεαρός Τζο βυθίζεται σε έναν κόσμο ονείρων και αναμνήσεων, ενώ οι γιατροί πιστεύουν ότι έχει χάσει τη δυνατότητα σκέψης και συναίσθησης και τον...
Αποθηκεύτηκε σε:
| Άλλοι συγγραφείς: | , , , , , |
|---|---|
| Μορφή: | |
| Γλώσσα: | English Greek |
| Δημοσίευση: |
[Αθήνα] :
ArtFree,
2006.
|
| Θέματα: | |
| Ετικέτες: |
Προσθήκη ετικέτας
Δεν υπάρχουν, Καταχωρήστε ετικέτα πρώτοι!
|
MARC
| LEADER | 00000cgm a2200000 i 4500 | ||
|---|---|---|---|
| 001 | 1/217 | ||
| 008 | 090622s2006 gr ||| | || ||eng|| | ||
| 035 | |l 10105159 | ||
| 040 | |a GR-MyUa |b gre |e AACR2 | ||
| 041 | 1 | |a eng |j gre | |
| 082 | 7 | |a 791.437 |2 (22) | |
| 245 | 0 | 0 | |a Johnny got his gun |h [μαγνητοσκόπηση] = |b Ο Τζόνι πήρε τ'όπλο του / |c σενάριο-σκηνοθεσία Ντάλτον Τράμπο. |
| 246 | 1 | |i Παράλληλος τίτλος: |a Ο Τζόνι πήρε τ'όπλο του | |
| 260 | |a [Αθήνα] : |b ArtFree, |c 2006. | ||
| 300 | |a 1 βιντεοδίσκος (106 λεπτ.) : |b ομίλ., ασπρόμ. ; |c 4 3/4 ίν. | ||
| 500 | |a Κυκλοφόρησε πρώτη φορά ως κινηματογραφική ταινία το 1971. | ||
| 508 | |a Διεύθυνση φωτογραφίας, Γιούλς Μπρένερ ; μουσική, Τζέρι Φίλντινγκ. | ||
| 511 | 0 | |a Τίμοθι Μπότομς, Κάθι Φίλντς, Μάρσα Χαντ, Τζέϊσον Ρόμπαρντς, Ντόναλντ Σάδερλαντ, Νταϊαν Βάρσι. | |
| 520 | 8 | |a Την τελευταία μέρα του Πρώτου Παγκοσμίου Πολέμου, ο Τζο Μπόναμ τραυματίζεται πολύ σοβαρά από μια νάρκη. Έχοντας χάσει τα άκρα, την ακοή και την όρασή του, ο νεαρός Τζο βυθίζεται σε έναν κόσμο ονείρων και αναμνήσεων, ενώ οι γιατροί πιστεύουν ότι έχει χάσει τη δυνατότητα σκέψης και συναίσθησης και τον μελετούν σαν επρόκειτο για πειραματόζωο. Ο Τζο όμως σκέφτεται και μέσα στο αβάσταχτο μαρτύριό του θυμάται πώς ήταν η ζωή του πριν τον πόλεμο, ενώ προσπαθεί ταυτόχρονα να βρει τρόπους επικοινωνίας με μια νεαρή νοσοκόμα, προκειμένου να την πείσει να τον βοηθήσει να τερματίσει τη ζωή του. Οι γιατροί όμως έχουν πάρει διαφορετικές αποφάσεις για εκείνον. | |
| 521 | 8 | |a Ακατάλληλο κάτω των 18 ετών. | |
| 546 | |a Στα αγγλικά με υπότιτλους στα ελληνικά. | ||
| 586 | 8 | |a Ειδικό βραβείο κριτικής επιτροπής, Φεστιβάλ Καννών | |
| 650 | 0 | |a World War, 1914-1918 |v Drama. | |
| 655 | 7 | |a Feature films |2 lcgft | |
| 700 | 1 | |a Trumbo, Dalton, |d 1905-1976, |e aus |e drt | |
| 700 | 1 | |a Sutherland, Donald, |d 1935- |e act | |
| 700 | 1 | |a Varsi, Diane, |e act | |
| 700 | 1 | |a Robards, Jason, |d 1892-1963, |e act | |
| 700 | 1 | |a Bottoms, Timothy, |d 1949- |e act | |
| 700 | 1 | |a Hunt, Marsha, |d 1917- |e act | |
| 852 | |a INST |b SYROS |c AV |e 20090622 |h 791.437 TRU |p 005500008319 |q 005500008319 |t DVD |y 23 | ||
| 901 | |a BIBL5-2008-1 | ||
| 922 | |a 5ΕΛΗ |b 200810 |c Βιβλιοθήκη Σύρου |d DVD Club Enter | ||
| 970 | |a Κοντού |b Παρασκευή |z 22/06/2009 | ||